| 000 | | | 04367cmc2a2200000#x 450 |
| 001 | | | 9371a90ba60c45cea3c8f3ac78c64494 |
| 005 | | | 20200820110852.0 |
| 100 | ## | $a | 20130919l19081910k y0rusy0189 ca |
| 101 | 0# | $a | rus |
| 102 | ## | $a | RU |
| 251 | ## | $c | Дело |
| 225 | 0# | $a | Фонд Совет министров (1905-1917) |
| | $h | Опись № 4 |
| | $i | 1908 г. |
| 300 | ## | $a | Оригинальный заголовок дела: Об обращении кредита в размере 180.000, ассигнованного на переустройство для тюремных целей упраздненного монастыря близ города Кельцы : 20 октября 1908 |
| 300 | ## | $a | Печатный и машинописный текст |
| 324 | ## | $a | Пленка |
| 801 | #0 | $a | RU |
| | $b | РГИА |
| | $c | 20130919 |
| 801 | #1 | $a | RU |
| | $b | ГлавНИВЦ |
| | $c | 20130919 |
| | $2 | rusmarc |
| 801 | #2 | $a | RU |
| | $b | ПБ им. Б.Н. Ельцина |
| | $c | 20130920 |
| | $g | RCR |
| | $2 | rusmarc |
| 850 | ## | $a | Федеральное казенное учреждение "Российский государственный исторический архив" (РГИА) |
| 852 | ## | $a | РГИА |
| | $j | 122 |
| 937 | ## | $a | ASBIBLIO_SCAN |
| | $b | РГИА_1276:_4:_122: |
| | $d | 1388438 |
| | $h | РГИА |
| 200 | 1# | $a | Об отпуске средств на переустройство монастыря близ гор. Кельцы под тюрьму, вследствие переполнения тюрем и предупреждения эпидемических заболеваний в тюрьмах |
| | $j | 20 октября 1908 г. - 4 февраля 1910 г. |
| 215 | ## | $a | 22 листа |
| 035 | ## | $a | 9371a90ba60c45cea3c8f3ac78c64494 |
| 605 | ## | $2 | acquisition_Prlib |
| | $3 | LIBNET\UAF\0000089563 |
| | $a | Предупреждение и борьба с эпидемиями в России |
| | $l | коллекция |
| 122 | 2# | $a | d19081020## |
| | $a | d19100204## |
| 517 | 1# | $a | Об обращении кредита в размере 180.000, ассигнованного на переустройство для тюремных целей упраздненного монастыря близ города Кельцы |
| | $e | 20 октября 1908 |
| 461 | #0 | $1 | 001c7912e80-a322-4844-9992-beca65726c82 |
| | $1 | 2001 |
| | $a | Совет министров (1905-1917) |
| | $1 | 251 |
| | $c | Фонд |
| | $1 | 852 |
| | $j | 1276 |
| 462 | #0 | $1 | 00128effbc8-45a8-4844-a30d-fda4587ad6d6 |
| | $1 | 2001 |
| | $a | 1908 г. |
| | $v | Д. 122 |
| | $1 | 251 |
| | $c | Опись |
| | $1 | 852 |
| | $j | 4 |